000
00262nam a22001097a 4500
008
170116b xxu||||| |||| 00| 0 eng d
020
_a
9781565335226
041
_a
eng
080
_2
8TH
_a
618.2
245
_a
PN NURSING CARE OF CHILDREN
_c
KNIPPA, A
942
_2
udc
_c
BK
999
_c
2910
_d
2910